A pindarick poem upon the fleet /

Bibliographic Details
Main Author: D'Urfey, Thomas, 1653-1723
Format: eBook
Language:English
Published: London : Printed and are to be sold by Randal Taylor, 1692.
Series:Early English books online.
Subjects:
Online Access:Connect to the full text of this electronic book

MARC

Tag First Indicator Second Indicator Subfields
LEADER 00000nam a2200000Ia 4500
001 in00004238513
005 20200807091321.0
006 m g d
007 cr bn |||a|bb|
008 830518s1692 enk o 00| | eng d
035 |a (OCoLC)9523462 
040 |a UMI  |c UMI  |d m/c  |d UMI  |d WaOLN 
037 |a CL0037000045  |b ProQuest Information and Learning. 300 N. Zeeb Rd., Ann Arbor, MI 48106 
090 |a PR3431.D3  |b P45 1692 
049 |a UMIA 
100 1 |a D'Urfey, Thomas,  |d 1653-1723. 
245 1 2 |a A pindarick poem upon the fleet /  |c written by Mr. D'urfey. 
260 |a London :  |b Printed and are to be sold by Randal Taylor,  |c 1692. 
300 |a 1 online resource (15 pages) 
336 |a text  |b txt  |2 rdacontent 
337 |a computer  |b c  |2 rdamedia 
338 |a online resource  |b cr  |2 rdacarrier 
500 |a Reproduction of original in the Harvard University Library. 
510 4 |a Wing  |c D2761. 
533 |a Electronic reproduction.  |b Ann Arbor, Mich. :  |c UMI,  |d 1999-  |f (Early English books online)  |n Digital version of: (Early English books, 1641-1700 ; 1330:2)  |7 s1999 miun s 
610 1 0 |a England and Wales.  |b Royal Navy  |v Poetry. 
830 0 |a Early English books online. 
856 4 0 |u http://proxy.library.tamu.edu/login?url=https://search.proquest.com/docview/2264190152  |z Connect to the full text of this electronic book  |t 0 
999 f f |s 137f3d41-96fb-34fd-9b95-e50ff58ab47d  |i 2f3b492e-8f20-3a34-b881-99d67d62e6d6  |t 0 
952 f f |a Texas A&M University  |b College Station  |c Electronic Resources  |d Available Online  |t 0  |e PR3431.D3 P45 1692  |h Library of Congress classification 
998 f f |a PR3431.D3 P45 1692  |t 0  |l Available Online